[Event "Tatarstan-ch op"]
[Site "Kazan"]
[Date "2008.08.28"]
[Round "8"]
[White "Gatin, Ravil"]
[Black "Amirkhanov, Roustem"]
[Result "0-1"]
[WhiteElo "2139"]
[BlackElo "2278"]
[PlyCount "58"]
[EventDate "2008.08.21"]
[EventType "swiss"]
[EventRounds "9"]
[EventCountry "RUS"]
[SourceTitle "EXT 2010"]
[Source "ChessBase"]
[SourceDate "2010.11.25"]
[SourceVersion "1"]
[SourceVersionDate "2010.11.25"]
[SourceQuality "1"]

1. d4 d5 2. e3 c5 3. Nf3 Nc6 4. c3 e6 5. Bd3 Nf6 6. 0-0 Qc7 7. Nbd2 Be7 8. Qe2 b6 9. e4 Bb7 10. dxc5 bxc5 11. exd5 exd5 12. Nh4 g6 13. Ndf3 0-0-0 14. Ba6 Rhe8 15. g3 Ne4 16. Qb5 Qb6 17. Bxb7+ Kxb7 18. Qb3 Qxb3 19. axb3 d4 20. Ng2 dxc3 21. bxc3 Nxc3 22. Be3 Nd4 23. Bxd4 cxd4 24. Rfe1 d3 25. Nd2 Ne2+ 26. Kf1 Bb4 27. Red1 Nc3 28. Re1 Re2 29. Nc4 Rxe1+ 0-1

[Event "Tatarstan-ch op"]
[Site "Kazan"]
[Date "2008.08.27"]
[Round "7"]
[White "Talov, Nikita"]
[Black "Gatin, Ravil"]
[Result "0-1"]
[WhiteElo "2018"]
[BlackElo "2139"]
[PlyCount "70"]
[EventDate "2008.08.21"]
[EventType "swiss"]
[EventRounds "9"]
[EventCountry "RUS"]
[SourceTitle "EXT 2010"]
[Source "ChessBase"]
[SourceDate "2010.11.25"]
[SourceVersion "1"]
[SourceVersionDate "2010.11.25"]
[SourceQuality "1"]

1. e4 c5 2. Nf3 Nc6 3. Bb5 g6 4. 0-0 Bg7 5. c3 Nf6 6. Re1 0-0 7. d4 cxd4 8. cxd4 a6 9. Bf1 d5 10. e5 Ne4 11. Nbd2 Nxd2 12. Bxd2 Qb6 13. Bc3 Bg4 14. Be2 e6 15. h3 Bxf3 16. Bxf3 Bh6 17. h4 Rac8 18. g4 Rfe8 19. a4 a5 20. Be2 Qd8 21. g5 Bf8 22. Bb5 h6 23. f4 h5 24. Qd2 b6 25. Rec1 Rc7 26. Kg2 Qa8 27. Rc2 Rec8 28. Rac1 Ne7 29. Bd3 Kg7 30. Kh3 Nf5 31. Qe2 Be7 32. b3 Ba3 33. Ra1 Rxc3 34. Rxc3 Rxc3 35. Rxa3 Qa6 0-1

[Event "Tatarstan-ch op"]
[Site "Kazan"]
[Date "2007.08.22"]
[Round "3"]
[White "Gatin, Ravil"]
[Black "Hamidullin, Aydar"]
[Result "1/2-1/2"]
[WhiteElo "2160"]
[BlackElo "2262"]
[PlyCount "50"]
[EventDate "2007.08.20"]
[EventType "swiss"]
[EventRounds "9"]
[EventCountry "RUS"]
[SourceTitle "EXT 2009"]
[Source "ChessBase"]
[SourceDate "2008.11.26"]
[SourceVersion "1"]
[SourceVersionDate "2008.11.26"]
[SourceQuality "1"]

1. e4 e5 2. Nf3 Nc6 3. Bc4 Nf6 4. Ng5 d5 5. exd5 b5 6. Bxb5 Qxd5 7. Nc3 Qxg2 8. Qf3 Qxf3 9. Nxf3 Bd7 10. 0-0 Nb4 11. Nxe5 Bxb5 12. Nxb5 Bd6 13. Nc4 Nxc2 14. Rb1 Kd7 15. d4 Nd5 16. Ne3 Ncxe3 17. fxe3 Nf6 18. e4 Nxe4 19. Rxf7+ Ke6 20. Rxc7 Bxc7 21. Nxc7+ Kf5 22. Nxa8 Rxa8 23. Be3 Rb8 24. Rf1+ Ke6 25. b3 Rc8 1/2-1/2

[Event "Tatarstan-ch op"]
[Site "Kazan"]
[Date "2007.08.20"]
[Round "1"]
[White "Gatin, Ravil"]
[Black "Kharlov, Andrei"]
[Result "0-1"]
[WhiteElo "2160"]
[BlackElo "2549"]
[PlyCount "58"]
[EventDate "2007.08.20"]
[EventType "swiss"]
[EventRounds "9"]
[EventCountry "RUS"]
[SourceTitle "EXT 2009"]
[Source "ChessBase"]
[SourceDate "2008.11.26"]
[SourceVersion "1"]
[SourceVersionDate "2008.11.26"]
[SourceQuality "1"]

1. d4 Nf6 2. c4 e6 3. Nc3 Bb4 4. Qc2 0-0 5. a3 Bxc3+ 6. bxc3 c5 7. e3 Nc6 8. Bd3 b6 9. Nf3 Ba6 10. e4 Ne8 11. e5 f5 12. d5 Na5 13. Bg5 Qc7 14. Be7 Rf7 15. d6 Qc6 16. Qe2 h6 17. 0-0 Qa4 18. Nd2 Nc6 19. Bh4 g5 20. Bg3 f4 21. Rfc1 Bb7 22. Bg6 Rg7 23. Qh5 fxg3 24. fxg3 Nxe5 25. Bxe8 Qc6 26. Nf3 Nxf3+ 27. gxf3 Qxf3 28. Qxf3 Bxf3 29. Rf1 Bg4 0-1

[Event "Kazan-ch"]
[Site "Kazan"]
[Date "2006.12.07"]
[Round "10"]
[White "Sadykov, Renat"]
[Black "Gatin, Ravil"]
[Result "1-0"]
[WhiteElo "2096"]
[BlackElo "2193"]
[PlyCount "55"]
[EventDate "2006.11.21"]
[EventType "swiss"]
[EventRounds "11"]
[EventCountry "RUS"]
[SourceTitle "EXT 2019"]
[Source "ChessBase"]
[SourceDate "2018.10.10"]
[SourceVersion "1"]
[SourceVersionDate "2018.10.10"]
[SourceQuality "1"]

1. e4 c5 2. d4 cxd4 3. c3 dxc3 4. Nxc3 Nc6 5. Nf3 e6 6. Bc4 a6 7. 0-0 Qc7 8. Qe2 Nf6 9. Re1 d6 10. Bf4 Nd7 11. Rac1 Qb8 12. Qd2 Nde5 13. Bxe5 dxe5 14. Nd5 Bc5 15. Bb3 Bd4 16. Nxd4 exd4 17. Nb6 Ra7 18. Nxc8 Qxc8 19. Qxd4 Ra8 20. Qxg7 Ke7 21. Qg5+ Ke8 22. Qg7 Ke7 23. e5 Rg8 24. Qf6+ Ke8 25. Rcd1 Rg4 26. Rd6 Rg6 27. Qh8+ Ke7 28. Qxh7 1-0

[Event "Kazan-ch"]
[Site "Kazan"]
[Date "2006.12.05"]
[Round "9"]
[White "Amirkhanov, Roustem"]
[Black "Gatin, Ravil"]
[Result "1-0"]
[WhiteElo "2220"]
[BlackElo "2193"]
[PlyCount "107"]
[EventDate "2006.11.21"]
[EventType "swiss"]
[EventRounds "11"]
[EventCountry "RUS"]
[SourceTitle "EXT 2019"]
[Source "ChessBase"]
[SourceDate "2018.10.10"]
[SourceVersion "1"]
[SourceVersionDate "2018.10.10"]
[SourceQuality "1"]

1. d4 f5 2. g3 Nf6 3. Bg2 e6 4. b3 Bb4+ 5. c3 Be7 6. Nd2 d5 7. Nh3 0-0 8. Bb2 a5 9. 0-0 Qe8 10. f3 a4 11. e4 Qh5 12. e5 Nfd7 13. c4 Qh6 14. f4 a3 15. Bc3 c6 16. g4 Na6 17. g5 Qg6 18. Bf3 Qe8 19. c5 b6 20. b4 Nc7 21. Bh5 g6 22. Be2 Ba6 23. Rf3 Bxe2 24. Qxe2 Nb5 25. Rb1 Ra4 26. Nf2 Qa8 27. Ba1 Qa6 28. Rfb3 Ra8 29. h4 Qa7 30. Nf3 bxc5 31. dxc5 Nxc5 32. bxc5 Bxc5 33. Kg2 Rxf4 34. Nd3 Rg4+ 35. Kh3 Re4 36. Qc2 Rc4 37. Qe2 Be7 38. Nde1 Qc5 39. Nd3 Qa7 40. Nb4 Bxb4 41. Rxb4 Re4 42. Qd2 f4 43. Bd4 Qf7 44. Bc5 Qf5+ 45. Kh2 Qg4 46. Qg2 Qxg2+ 47. Kxg2 Re2+ 48. Kh3 Rxa2 49. Nd4 Rd2 50. Nxc6 a2 51. Ra1 Nc3 52. Bd4 Ne2 53. Rb2 Ra3+ 54. Kg2 1-0

[Event "RUS-ch Seniors"]
[Site "Zvenigorod"]
[Date "2005.11.29"]
[Round "2"]
[White "Gatin, Ravil"]
[Black "Ajrapetian, Nikita"]
[Result "1-0"]
[WhiteElo "2229"]
[BlackElo "2116"]
[PlyCount "81"]
[EventDate "2005.11.28"]
[EventType "swiss"]
[EventRounds "7"]
[EventCountry "RUS"]
[SourceTitle "EXT 2007"]
[Source "ChessBase"]
[SourceDate "2006.11.23"]
[SourceVersion "1"]
[SourceVersionDate "2006.11.23"]
[SourceQuality "1"]

1. d4 d5 2. e3 Nf6 3. Bd3 g6 4. Nd2 Bg7 5. f4 Bg4 6. Ngf3 Nbd7 7. h3 Bxf3 8. Qxf3 c5 9. c3 h5 10. g3 e6 11. 0-0 Rc8 12. Kg2 a6 13. Re1 Qb6 14. a4 c4 15. a5 Qc7 16. Bc2 0-0 17. e4 dxe4 18. Nxe4 Nd5 19. Ng5 N7f6 20. Bd2 Ne7 21. g4 hxg4 22. hxg4 Qc6 23. Ne4 Ned5 24. Nxf6+ Nxf6 25. Qxc6 Rxc6 26. Kg3 Rd8 27. Ba4 Rc7 28. Bd1 Nd5 29. Bf3 Bf6 30. Re2 Rc6 31. Rae1 b5 32. f5 gxf5 33. gxf5 Be7 34. fxe6 Rxe6 35. Rxe6 fxe6 36. Rxe6 Bd6+ 37. Kg4 Nc7 38. Rg6+ Kf7 39. Kf5 Bh2 40. Rh6 Bd6 41. Bg5 1-0

[Event "RUS-ch Seniors"]
[Site "Zvenigorod"]
[Date "2005.11.28"]
[Round "1"]
[White "Zakharov, Alexander V"]
[Black "Gatin, Ravil"]
[Result "1-0"]
[WhiteElo "2395"]
[BlackElo "2229"]
[PlyCount "111"]
[EventDate "2005.11.28"]
[EventType "swiss"]
[EventRounds "7"]
[EventCountry "RUS"]
[SourceTitle "EXT 2007"]
[Source "ChessBase"]
[SourceDate "2006.11.23"]
[SourceVersion "1"]
[SourceVersionDate "2006.11.23"]
[SourceQuality "1"]

1. e4 c5 2. Nf3 g6 3. c3 Nf6 4. e5 Nd5 5. d4 cxd4 6. Bc4 Nb6 7. Bb3 Bg7 8. cxd4 d5 9. a4 a5 10. 0-0 Nc6 11. h3 0-0 12. Nc3 Nb4 13. Qe2 Bf5 14. Rd1 Qd7 15. g4 Be6 16. Ng5 f6 17. Nxe6 Qxe6 18. Be3 f5 19. f3 h5 20. Bg5 hxg4 21. fxg4 Rf7 22. Nb5 Rc8 23. Rac1 Nc4 24. Na3 fxg4 25. Nxc4 Rf3 26. Ne3 Rg3+ 27. Kh1 Rxh3+ 28. Kg2 Rxc1 29. Rxc1 Bxe5 30. Nf1 Qf5 31. dxe5 Rxb3 32. Rc3 Rxc3 33. bxc3 Nd3 34. Ng3 Qxg5 35. Qxd3 e6 36. Qd4 Qh4 37. Qf4 g5 38. Qf2 Qh7 39. Qe3 Qh3+ 40. Kf2 Qh6 41. Ke1 Qg6 42. Kd2 Kg7 43. Ne2 Qh5 44. Nd4 Qg6 45. Qg3 Qe4 46. Nxe6+ Kh6 47. Qe3 Qg2+ 48. Kc1 Qf1+ 49. Kb2 Qf5 50. Nd4 Qf4 51. Qe1 g3 52. Qxg3 Qd2+ 53. Nc2 Kg6 54. Qf3 Qf4 55. Qxf4 gxf4 56. Nd4 1-0